| 000 | 00768cam a2200265 a 4500 | ||
|---|---|---|---|
| 001 | 000011192 | ||
| 005 | 20200929162402.0 | ||
| 008 | 760813s1980 sp b 001 0 spa c | ||
| 015 | _aSp*** | ||
| 020 |
_a8430205284 _c500ptas |
||
| 040 |
_aDO-SdBNP _cDLC _dDLC |
||
| 082 |
_a616.12 _bS618p, 1980 |
||
| 100 | 1 |
_aSintes Pros, Jorge. _926753 |
|
| 245 | 1 | 4 |
_aLos peligros del colesterol : / _cJorge Sintes Pros. |
| 250 | _a3a ed. | ||
| 260 |
_aBarcelona : _bSintes, _c1980. |
||
| 300 |
_a259 p. ; _c22 cm. |
||
| 490 | 1 | _aBiblioteca naturista | |
| 650 | 4 |
_aColesterol _926754 |
|
| 650 | 4 |
_aSistema cardiovascular _926749 |
|
| 650 | 4 |
_aSistema cardiovascular _926749 |
|
| 830 | 0 |
_aBiblioteca naturista ; _926755 |
|
| 910 | _aCatalogación derivada | ||
| 049 | _aBNGR | ||
| 999 |
_c10913 _d10913 |
||